Spracovanie dát zo snímača Kinect za účelom tvorby 3D mapy prostredia

Guardado en:
Detalles Bibliográficos
Autor principal: Beňo, Peter, 1989- (Autor)
Otros Autores: Tölgyessy, Michal, 1985- (Orientador)
Formato: Manuscrito Libro
Lenguaje:eslovaco
Publicado: Bratislava : STU v Bratislave FEI, 2013
Acceso en línea:VAIS
Etiquetas: Agregar Etiqueta
Sin Etiquetas, Sea el primero en etiquetar este registro!

MARC

LEADER 00000ntm a22000003a 4500
001 stu274702
005 20150617230236.3
008 130921s2013----xo------------------slo-d
040 |a STU  |b slo 
041 0 |a slo 
044 |a xo 
100 1 |a Beňo, Peter,  |d 1989-  |4 aut  |u E011  |U FEI Fakulta elektrotechniky a informatiky  |T FEI Ústav robotiky a kybernetiky  |X 50733  |U E011  |Y 356  |7 A000050733 
242 0 0 |a Processing data from sensor Kinect for purpose of creating 3D map of enviroment  |y eng 
245 1 |a Spracovanie dát zo snímača Kinect za účelom tvorby 3D mapy prostredia 
260 |a Bratislava :  |b STU v Bratislave FEI,  |c 2013 
300 |a 61 s  |c CD-ROOM 
700 1 |a Tölgyessy, Michal,  |d 1985-  |4 ths  |u E010  |T FEI Ústav riadenia a priemyselnej informatiky  |X 22286  |U E010  |Y E010  |7 A000022286 
856 4 |a info a plný text  |u http://is.stuba.sk/zp/portal_zp.pl?podrobnosti=92439  |3 VAIS 
996 |b 284EP10730  |c E*DIPL-10730  |l EE23  |s P  |a 0  |w stu274702_0001